00821nam a2200217 i 450000100060000000300090000600500170001500700030003200800410003502000180007610000410009424501910013524600490032624600240037526000430039930000220044249000430046470000310050783000430053885200220058169900ES-MaACL20250223234432.0t|040713s1981 sp |||| | spa d a84-206-6103-11 aGarcía Lorca, Federico,d1898-193610aDiván del Tamarit (1931-1935) b; Llanto por Ignacio Sánchez Mejías (1934) ; Sonetos (1924-1936) / cFederico García Lorca ; edición, introducción y notas, Mario Hernández.3 aLlanto por Ignacio Sánchez Mejías (1934)3 aSonetos (1924-1936) aMadrid : bAlianza Editorial, c[1981] a199 p. ; c18 cm.1 aObras de Federico García Lorca ; v31 aHernández, Mario,d1945-1 aObras de Federico García Lorca ; v3 aES-MaACLjL-10904